Statistics for Arsenal - Tottenham Hotspur 2015-2016

Click here to take the quiz!

General Stats

  • This quiz has been taken 109 times
  • The average score is 22 of 30

Answer Stats

Answer % Correct
Harry Kane ¹
96%
Olivier Giroud
95%
Petr Cech
93%
Mesut Özil
91%
Hugo Lloris
89%
Arsène Wenger
86%
Nacho Monreal
86%
Christian Eriksen
86%
Kyle Walker
86%
Alexis Sanchez
86%
Danny Rose
84%
Per Mertesacker
84%
Laurent Koscielny
82%
Erik Lamela
82%
Dele Alli
80%
Jan Vertonghen
79%
Eric Dier
79%
M. Dembélé
78%
Santi Cazorla
76%
Mauricio Pochettino
71%
Kieran Gibbs ¹
71%
Francis Coquelin
71%
M. Debuchy
67%
Toby Alderweireld
67%
Heung-min Son
63%
Joel Campbell
46%
Ryan Mason
45%
Mathieu Flamini
42%
Mikel Arteta
36%
Joshua Onomah
24%

Score Distribution

Percentile by Number Answered

Percent of People with Each Score

Your Score History

You have not taken this quiz